01207nam a2200193Ia 4500008004100000020001800041050001800059100004500077245016900122250001800291260006400309300001800373490003000391500002500421500002700446505051000473650001300983650001700996120626s2010 mx 000 0 spa d a9788420674100 aBC75 bS3418  aSchopenhauer, Arthurd1788 - 1860eautor aEl arte de tener la razónb: Expuesto en 38 estratagemasc/ Arthur Schopenhauer; edición, estudio y notas de Franco Volpi; traducción de Jesús Alborés Rey a2a. edición aEspañab: Alianza editorial, el libro de bolsilloc, 2010 a129 páginas aBiblioteca del autorv: 2 areimpresión : 2018 aIncluye: Advertencia,  aI. El arte de tener la razón II. La base de toda dialéctica III. Anexo IV. Schopenhauer y la dialéctica, por Franco Volpi V. ¿Qué es la dialéctica? VI. Las bodas de Mercurio y Filología VII. La dialéctica en la antigüedad VIII. La sofística IX. Sócrates X. Platón XI. Aristóteles XII. Después de Aristóteles XIII. La dialéctica en la modernidad XIV. Kant XV. El lugar de una conclusión: Schopenhauer versus Hegel XVI. Apuntes bibliográficos 0aLÓGICA 0aRAZONAMIENTO